[Event "London Classic Open 2018"]
[Site "London ENG"]
[Date "2018.12.15"]
[Round "7.28"]
[White "Fischer, Daniel"]
[Black "Head, Louise"]
[Result "1-0"]
[WhiteTitle "FM"]
[BlackTitle "WFM"]
[WhiteElo "2324"]
[BlackElo "2079"]
[WhiteFideId "1328360"]
[BlackFideId "424773"]
[EventDate "2018.12.09"]

1. e4 c6 2. d4 d5 3. Nc3 dxe4 4. Nxe4 Nd7 5. Ng5 Ngf6 6. Bd3 g6 7. N1f3 Bg7 8.
O-O O-O 9. c3 e6 10. Re1 c5 11. Qc2 cxd4 12. Nxd4 Nc5 13. Bc4 Nd5 14. Ngf3 Nb6
15. Bf1 a6 16. a4 Qc7 17. b4 Ncd7 18. Bg5 Nd5 19. Rac1 Ne5 20. Qb3 Nxf3+ 21.
Nxf3 a5 22. b5 b6 23. c4 Nf6 24. c5 bxc5 25. Qe3 Nd5 26. Rxc5 Qd6 27. Qc1 Bb7
28. Nd2 Nb6 29. Qc2 Nxa4 30. Rc7 Bd5 31. Be7 Qb6 32. Bxf8 Bxf8 33. Rc8 Rxc8 34.
Qxc8 Nc5 35. Rb1 Bb7 36. Qb8 Nd7 37. Qe8 Qd6 38. Nc4 Qd5 39. Ne3 Qe4 40. Qxd7
Qxb1 41. Qxb7 a4 42. Qa6 a3 43. b6 a2 44. b7 Bd6 45. Qxd6 Qxb7 46. Qd8+ Kg7 47.
Qd4+ e5 48. Qxe5+ f6 49. Qc3 Qb1 50. Nc2 Qxc2 51. Qxc2 a1=Q 52. Qc6 Qa7 53. g3
Qe7 54. Bc4 g5 55. Qe6 Qf8 56. Qd7+ Kh6 57. Bd3 Qh8 58. Qf7 g4 59. Be4 Kg5 60.
Bxh7 1-0

[Event "London Classic Open 2018"]
[Site "London ENG"]
[Date "2018.12.15"]
[Round "7.29"]
[White "Hunt, Harriet V"]
[Black "Wilks, Simon"]
[Result "0-1"]
[WhiteTitle "IM"]
[WhiteElo "2440"]
[BlackElo "2019"]
[WhiteFideId "403512"]
[BlackFideId "427357"]
[EventDate "2018.12.09"]

1. e4 e6 2. d4 d5 3. Nd2 h6 4. Ngf3 Nf6 5. e5 Nfd7 6. Bd3 c5 7. c3 Nc6 8. O-O g5
9. dxc5 g4 10. Nd4 Ndxe5 11. N2b3 h5 12. Bb5 Bd7 13. Bxc6 bxc6 14. Qe2 Nc4 15.
f4 Qf6 16. Be3 Bh6 17. Rae1 O-O 18. Bc1 Rae8 19. Nd2 Nxd2 20. Bxd2 Qg6 21. Qf2
f5 22. Re2 Bg7 23. Rfe1 Kf7 24. c4 h4 25. Bc3 g3 26. Qf3 gxh2+ 27. Kh1 Qg4 28.
Qf1 Bh6 29. cxd5 exd5 30. Rxe8 Rxe8 31. Rxe8 Bxe8 32. Bd2 Bd7 33. b4 Bg7 34. Nf3
Qg3 35. Qe2 d4 36. a4 Bf6 37. Nxh2 Be6 38. Qh5+ Kg7 39. Qf3 Qxf3 40. Nxf3 Bd5
41. Ne1 h3 42. Kg1 hxg2 43. Nxg2 a6 44. Kf2 Kf7 45. Ne1 Be4 46. Ke2 Ke6 47. Nd3
Kd5 48. a5 Bxd3+ 49. Kxd3 Bh4 50. b5 cxb5 51. c6 Bd8 52. Bb4 Bc7 53. Bd2 Kc5 0-1

[Event "London Classic Open 2018"]
[Site "London ENG"]
[Date "2018.12.15"]
[Round "7.30"]
[White "Eggleston, David J"]
[Black "Georgescu, Lena"]
[Result "1/2-1/2"]
[WhiteTitle "IM"]
[BlackTitle "WFM"]
[WhiteElo "2397"]
[BlackElo "2162"]
[WhiteFideId "412120"]
[BlackFideId "1331973"]
[EventDate "2018.12.09"]

1. e4 c5 2. Nf3 Nc6 3. d4 cxd4 4. Nxd4 Nf6 5. Nc3 e5 6. Ndb5 d6 7. Bg5 a6 8. Na3
b5 9. Nd5 Be7 10. Bxf6 Bxf6 11. c4 b4 12. Nc2 O-O 13. g3 a5 14. h4 a4 15. Bh3
Be6 16. Kf1 b3 17. Nce3 a3 18. Qxb3 Nd4 19. Qc3 axb2 20. Qxb2 Qa5 21. Kg2 Rfb8
22. Nxf6+ gxf6 23. Qc1 Qa3 24. Bxe6 fxe6 25. Qxa3 Rxa3 26. Rhb1 Rba8 27. Rb7 Nb3
28. Re1 Nc5 29. Re7 R8a7 30. Rxa7 Rxa7 31. Rd1 Nxe4 32. Kf3 f5 33. g4 Rxa2 34.
gxf5 exf5 35. Nxf5 Nd2+ 36. Kg2 Nxc4 37. Rc1 Ra4 38. h5 d5 39. Ne7+ Kf7 40. Nxd5
Ke6 41. Nc3 Rb4 42. Ne4 Nd6 43. Ng3 h6 44. Rc6 Rc4 45. Ra6 Rf4 46. Kf1 Kd5 47.
Ke2 Rb4 48. Ra8 Rf4 49. Rh8 Rf6 50. Rh7 Ke6 51. f3 Kd5 52. Ra7 Rf4 53. Ra5+ Ke6
54. Ra6 Kd5 55. Nf1 Nf5 56. Nd2 Nd4+ 57. Ke3 Nf5+ 58. Kd3 Nd6 59. Ke3 Nf5+ 60.
Kf2 Nd6 61. Nf1 Nf5 62. Ne3+ Nxe3 63. Kxe3 Rh4 64. Rxh6 Rh3 65. Ke2 Rh2+ 66. Kf1
e4 67. Kg1 Rh4 68. Kf2 exf3 69. Kxf3 Ke5 70. Ra6 Kf5 71. Ra5+ Kf6 72. Kg3 Rh1
73. h6 Rxh6 74. Ra6+ Kg7 75. Rxh6 Kxh6 1/2-1/2

[Event "London Classic Open 2018"]
[Site "London ENG"]
[Date "2018.12.15"]
[Round "7.31"]
[White "Sowray, Peter J"]
[Black "Stone, Andrew M"]
[Result "1/2-1/2"]
[WhiteTitle "FM"]
[WhiteElo "2342"]
[BlackElo "2157"]
[WhiteFideId "400971"]
[BlackFideId "404985"]
[EventDate "2018.12.09"]

1. d4 d5 2. c4 e6 3. Nc3 Bb4 4. a3 Bxc3+ 5. bxc3 c6 6. e3 Nf6 7. Nf3 O-O 8. Bd3
b6 9. Ne5 Nfd7 10. f4 Nxe5 11. fxe5 Qh4+ 12. g3 Qh3 13. Ra2 Ba6 14. Bf1 Qf5 15.
cxd5 cxd5 16. Bxa6 Nxa6 17. Rf2 Qg6 18. O-O Rac8 19. Qe2 Nb8 20. Bd2 f6 21. exf6
Rxf6 22. e4 Rxf2 23. Rxf2 Qxe4 24. Qxe4 dxe4 25. Re2 Nd7 26. Rxe4 Kf7 27. Kf1
Nf6 28. Rf4 Rc4 29. Ke2 b5 30. Kd3 Ra4 31. Bc1 Rc4 32. Rf3 h6 33. g4 Kg6 34. h3
a6 35. Bd2 Ra4 36. Bc1 Rc4 37. Bd2 Ra4 38. Bc1 1/2-1/2

[Event "London Classic Open 2018"]
[Site "London ENG"]
[Date "2018.12.15"]
[Round "7.32"]
[White "Pollack, Oscar"]
[Black "Bradbury, Neil H"]
[Result "0-1"]
[BlackTitle "IM"]
[WhiteElo "2150"]
[BlackElo "2336"]
[WhiteFideId "429414"]
[BlackFideId "400513"]
[EventDate "2018.12.09"]

1. e4 c5 2. Nf3 e6 3. d4 cxd4 4. Nxd4 Nc6 5. Nc3 Qc7 6. g3 a6 7. Bg2 Nf6 8. O-O
Be7 9. Re1 d6 10. Nxc6 bxc6 11. e5 dxe5 12. Rxe5 O-O 13. Bf4 Qb7 14. Qd3 Rd8 15.
Qc4 Bd7 16. Rd1 Be8 17. Ree1 Qxb2 18. Rb1 Qxc2 19. Rec1 Qf5 20. Rb7 Nd5 21. Bd2
Ba3 22. Be4 Qh5 23. Rcb1 c5 24. Qb3 Bb4 25. Nxd5 Bxd2 26. Nc7 Rac8 27. Nxa6 c4
28. Qc2 c3 29. Nc7 Bd7 30. a4 g6 31. Nb5 Qc5 32. a5 Bc6 33. Bxc6 Rxc6 34. Rb3
Ra8 35. Ra3 Qe5 36. Rb6 Rc5 37. Rb3 Rxa5 38. Na3 Kg7 39. R6b4 Qd5 40. Nb1 Ra1
41. h4 Qf5 42. Re4 Rc4 43. f3 Rxe4 44. fxe4 Qf3 45. Kh2 Be1 46. Rxc3 Bxc3 47.
Qxc3+ Qxc3 48. Nxc3 Kf6 49. Kg2 Ke5 50. Kf2 Ra3 51. Nb5 Rb3 52. Na7 Kxe4 0-1

[Event "London Classic Open 2018"]
[Site "London ENG"]
[Date "2018.12.15"]
[Round "7.34"]
[White "Bezuidenhout, Roland"]
[Black "Lyell, Mark"]
[Result "1/2-1/2"]
[WhiteTitle "FM"]
[BlackTitle "FM"]
[WhiteElo "2145"]
[BlackElo "2317"]
[WhiteFideId "14304562"]
[BlackFideId "402354"]
[EventDate "2018.12.09"]

1. Nf3 f5 2. c4 Nf6 3. g3 g6 4. Bg2 Bg7 5. O-O O-O 6. Nc3 d6 7. d4 Qe8 8. d5 Na6
9. Rb1 Nc5 10. Nd4 Nce4 11. Ncb5 Qd8 12. f3 Nc5 13. b4 a6 14. Na3 e5 15. bxc5
exd4 16. cxd6 cxd6 17. Nc2 Qc7 18. Qd3 Nd7 19. Qb3 b5 20. cxb5 axb5 21. Na3 Ba6
22. Bf4 Rfe8 23. Rfc1 Qa7 24. Nxb5 Bxb5 25. Qxb5 Rab8 26. Qd3 Rxb1 27. Rxb1 Qxa2
28. Bf1 Qxd5 29. e4 fxe4 30. fxe4 Qxe4 31. Qxe4 Rxe4 32. Bc4+ Kh8 33. Rb7 Nf6
34. Bxd6 Re8 35. Bb5 Ra8 36. Be5 Nh5 37. Bxg7+ Nxg7 38. Rd7 Nf5 39. Bd3 Ra1+ 40.
Kg2 Ra2+ 41. Kh3 Rd2 42. Bxf5 gxf5 43. Kh4 Rxh2+ 44. Kg5 Rg2 45. Kxf5 Rxg3 46.
Rxd4 Rg1 47. Rg4 1/2-1/2

[Event "London Classic Open 2018"]
[Site "London ENG"]
[Date "2018.12.15"]
[Round "7.35"]
[White "Longson, Sarah N"]
[Black "Van Zyl-Rudd, Jack"]
[Result "0-1"]
[WhiteTitle "WFM"]
[BlackTitle "FM"]
[WhiteElo "2137"]
[BlackElo "2306"]
[WhiteFideId "2501465"]
[BlackFideId "14309017"]
[EventDate "2018.12.09"]

1. e4 Nc6 2. Nf3 d6 3. d4 Nf6 4. Nc3 g6 5. d5 Nb8 6. Bf4 Bg7 7. Qd2 O-O 8. Bh6
c6 9. Bxg7 Kxg7 10. O-O-O Qa5 11. Kb1 Na6 12. Bxa6 Qxa6 13. h3 c5 14. e5 dxe5
15. Nxe5 b5 16. d6 b4 17. dxe7 Re8 18. Ne2 Be6 19. b3 Ne4 20. Qd3 Qxd3 21. Nxd3
c4 22. bxc4 Bxc4 23. Rhe1 Rxe7 24. f3 Bxd3 25. cxd3 Nc5 26. Nc1 Rd7 27. d4 Na4
28. Rd2 Nb6 29. Nb3 a5 30. Nc5 Rd5 31. Re7 Kf6 32. Rc7 Rc8 33. Ne4+ Kg7 34. Rdc2
Rxc7 35. Rxc7 Rxd4 36. Ng5 Rd7 37. Rc6 Nd5 38. Rc5 a4 39. Ne4 f5 40. Ng5 Nc3+
41. Kc2 Nxa2 42. Ne6+ Kf6 43. Nf4 b3+ 44. Kb2 Rd2+ 45. Ka3 Rc2 46. Ra5 Nc3 47.
Ra6+ Ke5 48. Nd3+ Kd4 49. Rd6+ Ke3 50. Rd7 Rd2 0-1

[Event "London Classic Open 2018"]
[Site "London ENG"]
[Date "2018.12.15"]
[Round "7.36"]
[White "Ronka, Erik"]
[Black "Tozer, Philip A A"]
[Result "1-0"]
[WhiteElo "2281"]
[BlackElo "2137"]
[WhiteFideId "505080"]
[BlackFideId "419982"]
[EventDate "2018.12.09"]

1. e4 e6 2. d4 d5 3. Nc3 Nf6 4. e5 Nfd7 5. f4 c5 6. Nf3 Nc6 7. Be3 cxd4 8. Nxd4
Bc5 9. Qd2 O-O 10. O-O-O a6 11. Qf2 Bxd4 12. Bxd4 b5 13. Be3 b4 14. Na4 a5 15.
h4 Ba6 16. h5 Bxf1 17. Rhxf1 h6 18. g4 f5 19. exf6 Qxf6 20. Qg2 Kh8 21. Kb1 Rac8
22. b3 d4 23. Bc1 Qe7 24. g5 Rf5 25. gxh6 Nf6 26. hxg7+ Qxg7 27. Qe2 e5 28. fxe5
Rxe5 29. Qa6 Ree8 30. Rde1 Rc7 31. Rxe8+ Nxe8 32. Bf4 1-0

[Event "London Classic Open 2018"]
[Site "London ENG"]
[Date "2018.12.15"]
[Round "7.37"]
[White "Richardson, John R"]
[Black "Gant, Chris J"]
[Result "1-0"]
[WhiteTitle "FM"]
[BlackTitle "FM"]
[WhiteElo "2242"]
[BlackElo "2135"]
[WhiteFideId "401617"]
[BlackFideId "403946"]
[EventDate "2018.12.09"]

1. d4 g6 2. e4 d6 3. Nc3 Nf6 4. Be3 c6 5. Qd2 Bg7 6. Bh6 O-O 7. h4 e5 8. Bxg7
Kxg7 9. O-O-O Qe7 10. f3 h5 11. Nh3 Na6 12. Be2 Nc7 13. Nf2 Ne6 14. d5 Nd4 15.
g4 Rh8 16. Rdg1 Bd7 17. g5 Nh7 18. Bd1 c5 19. f4 exf4 20. Qxf4 b5 21. Re1 Rhe8
22. Rhf1 Qe5 23. Nd3 Qxf4+ 24. Rxf4 Re7 25. e5 b4 26. Ne4 dxe5 27. Nexc5 Rae8
28. Rxe5 Rxe5 29. Rxd4 Bf5 30. Nxe5 1-0

[Event "London Classic Open 2018"]
[Site "London ENG"]
[Date "2018.12.15"]
[Round "7.38"]
[White "Menzies, Colin"]
[Black "Marzano, Carlo"]
[Result "1/2-1/2"]
[WhiteElo "2132"]
[BlackElo "2222"]
[WhiteFideId "2502755"]
[BlackFideId "802980"]
[EventDate "2018.12.09"]

1. Nf3 d5 2. c4 dxc4 3. e3 Nf6 4. Bxc4 e6 5. O-O a6 6. Qc2 b5 7. Be2 c5 8. a4 b4
9. d3 Bb7 10. Nbd2 Be7 11. Nc4 O-O 12. h3 Qc7 13. e4 Nc6 14. Be3 Rfd8 15. Rac1
Rac8 16. g3 Nd7 17. Bf4 e5 18. Be3 Nf8 19. Ncd2 Ne6 20. Nb3 Qb8 21. Qb1 Ncd4 22.
Nfxd4 Nxd4 23. Bxd4 cxd4 24. Na5 Rxc1 25. Rxc1 Rc8 26. Bg4 Rc5 27. Rxc5 Bxc5 28.
Qc2 Bb6 29. Nxb7 Qxb7 30. Bc8 Qa8 31. Qc4 a5 32. Kh2 Qb8 33. Qc6 Kf8 34. b3 1/2-1/2

[Event "London Classic Open 2018"]
[Site "London ENG"]
[Date "2018.12.15"]
[Round "7.39"]
[White "Villiers, Thomas"]
[Black "Bhawoodien, Mohamed Ozayr"]
[Result "1-0"]
[WhiteTitle "CM"]
[BlackTitle "FM"]
[WhiteElo "2205"]
[BlackElo "2123"]
[WhiteFideId "427209"]
[BlackFideId "14306484"]
[EventDate "2018.12.09"]

1. c4 c5 2. Nc3 Nc6 3. Nf3 g6 4. e3 Bg7 5. d4 cxd4 6. exd4 d6 7. Be2 Bg4 8. Be3
Nh6 9. d5 Bxf3 10. Bxf3 Ne5 11. Be4 O-O 12. Bd4 Qc8 13. b3 Nf5 14. Bxf5 Qxf5 15.
O-O Qf4 16. Ne2 Qh4 17. f4 Ng4 18. h3 Bxd4+ 19. Nxd4 Nh6 20. Qd3 a6 21. Rf2 Kh8
22. Re1 Qf6 23. g4 Ng8 24. g5 Qg7 25. Kh2 b5 26. cxb5 axb5 27. Nxb5 Rfc8 28. a4
f5 29. Rc2 h6 30. h4 Kh7 31. Rec1 Rxc2+ 32. Qxc2 e5 33. dxe6 Ne7 34. Qc3 Nd5 35.
Qxg7+ Kxg7 36. Rc7+ Kf8 37. gxh6 Nxc7 38. Nxc7 Rc8 39. h7 Ke7 40. a5 Rh8 41. a6
Rxh7 42. a7 Rxh4+ 43. Kg3 Rh8 44. a8=Q 1-0

[Event "London Classic Open 2018"]
[Site "London ENG"]
[Date "2018.12.15"]
[Round "7.40"]
[White "Johnson, Daniel"]
[Black "Ethelontis, Alexandros N"]
[Result "1-0"]
[WhiteElo "2111"]
[BlackElo "2187"]
[WhiteFideId "1721283"]
[BlackFideId "405469"]
[EventDate "2018.12.09"]

1. d4 e6 2. c4 Nf6 3. Nc3 Bb4 4. Qc2 Nc6 5. Nf3 d6 6. g3 O-O 7. Bg2 e5 8. dxe5
dxe5 9. O-O Bg4 10. Rd1 Qe7 11. Nd5 Nxd5 12. cxd5 Bxf3 13. dxc6 Bxc6 14. Bxc6
bxc6 15. Qxc6 Bd6 16. Be3 f5 17. Rac1 f4 18. Bc5 Rad8 19. Bxd6 cxd6 20. Qd5+ Kh8
21. Rc6 Rf6 22. Rdc1 h6 23. Rc7 Rd7 24. Qa8+ Kh7 25. Qxa7 Rxc7 26. Rxc7 Qf8 27.
Qb7 fxg3 28. hxg3 h5 29. Rc8 Qf7 30. Qxf7 Rxf7 31. b4 Rb7 32. a3 Ra7 33. Rc3 Kg6
34. b5 Kf5 35. b6 Rb7 36. Rb3 Ke6 37. a4 Kd7 38. a5 Kc6 39. e4 g5 40. Kf1 Rb8
41. Rd3 Ra8 42. Rd5 Ra6 43. Ke2 Ra8 44. Kf1 Rd8 45. Rd1 Kb5 46. Ra1 Ka6 47. Ke2
Rh8 48. Rd1 Kb7 49. Rd5 Rd8 50. f4 exf4 51. gxf4 Re8 52. Rxg5 Rxe4+ 53. Kf3 Ra4
54. Rxh5 Kc6 55. Rg5 Ra1 56. Kg4 d5 57. b7 Kxb7 58. Rxd5 Kc6 59. Re5 Kd6 60. Kf5
Ra4 61. Re6+ Kd7 62. Ra6 Ra1 63. Kf6 Rh1 64. Ra7+ Kd6 65. Rg7 Ra1 66. Rg5 Ra4
67. Rf5 Rc4 68. a6 Ra4 69. Kg5 Ke7 70. Rf6 Ra1 71. Rb6 Rg1+ 72. Kf5 Ra1 73. Rb7+
Kd6 74. a7 Ra4 75. Kg5 Ra1 76. Kf6 Ra6 77. Rb6+ Rxb6 78. a8=Q Kc7+ 79. Kg5 1-0

[Event "London Classic Open 2018"]
[Site "London ENG"]
[Date "2018.12.15"]
[Round "7.43"]
[White "Barrish, Daniel"]
[Black "Edwards, Simon R"]
[Result "1-0"]
[WhiteTitle "FM"]
[WhiteElo "2252"]
[BlackElo "1931"]
[WhiteFideId "14304600"]
[BlackFideId "406821"]
[EventDate "2018.12.09"]

1. d4 Nf6 2. c4 c5 3. d5 b5 4. cxb5 a6 5. f3 e6 6. e4 exd5 7. e5 Qe7 8. Qe2 Ng8
9. Nc3 Bb7 10. Nh3 c4 11. Nf4 Qc5 12. Nfxd5 Bxd5 13. Be3 Qb4 14. a3 Qa5 15. Bd2
Be6 16. Nd5 Qd8 17. Qxc4 Ra7 18. Rc1 Bxd5 19. Qxd5 axb5 20. Bxb5 Ne7 21. Qd3
Nbc6 22. O-O Rb7 23. a4 g6 24. Bg5 Qb6+ 25. Be3 Qd8 26. Rfd1 Nxe5 27. Qe4 Qb8
28. f4 Ng4 29. Bd4 f5 30. Qf3 Bh6 31. Bxh8 Bxf4 32. g3 Bxc1 33. Rxc1 Rc7 34. Rd1
Qb6+ 35. Bd4 Qe6 36. h3 Nf6 37. Bxf6 Qxf6 38. Bxd7+ Kf7 39. Qb3+ Kg7 40. Qe6 Qg5
41. Qe5+ Kh6 42. h4 Qg4 43. Qe3+ Kh5 44. Rd4 Rc1+ 45. Kf2 Rc2+ 46. Ke1 Rc1+ 47.
Qxc1 Qxd4 48. Qg5# 1-0

[Event "London Classic Open 2018"]
[Site "London ENG"]
[Date "2018.12.15"]
[Round "7.44"]
[White "Englisch, Colya"]
[Black "Abbas, Daniel"]
[Result "1/2-1/2"]
[BlackTitle "FM"]
[WhiteElo "2105"]
[BlackElo "2280"]
[WhiteFideId "36080420"]
[BlackFideId "423831"]
[EventDate "2018.12.09"]

1. Nf3 c5 2. g3 Nc6 3. d4 cxd4 4. Nxd4 e6 5. Bg2 Nf6 6. O-O Bc5 7. Nb3 Be7 8. c4
d5 9. cxd5 exd5 10. Nc3 Be6 11. Bg5 O-O 12. Nd4 Bg4 13. Qa4 Bd7 14. Rfd1 h6 15.
Be3 Na5 16. Qc2 Rc8 17. Nf5 Bxf5 18. Qxf5 Nc4 19. Bd4 Nxb2 20. Rdc1 Nc4 21. Nxd5
Nxd5 22. Bxd5 b5 23. a4 a6 24. axb5 axb5 25. Qg6 Bf6 26. Bxf6 Qxf6 27. Qxf6 gxf6
28. Ra7 Nd6 29. Rxc8 Nxc8 30. Rb7 Nd6 31. Rb6 Rd8 32. Bc6 Kg7 33. Bxb5 Nxb5 34.
Rxb5 Kg6 35. g4 Rd2 36. e3 Ra2 37. Kg2 Rc2 38. h4 Ra2 39. h5+ Kg7 40. Kg3 Ra4
41. f3 Rc4 42. e4 Ra4 43. Kf4 Ra3 44. Rb2 Rc3 45. Re2 Ra3 46. Re3 Ra5 47. Rd3
Rb5 48. Kg3 Rb2 49. Re3 Ra2 50. f4 Rb2 51. e5 fxe5 52. fxe5 Rb4 53. Kf3 Ra4 54.
Re4 Ra1 55. Rc4 Rf1+ 56. Ke4 Re1+ 57. Kd5 Rd1+ 58. Rd4 Re1 59. Rf4 Ra1 60. Ke4
Ra4+ 61. Kf5 Ra5 62. Rf1 f6 63. Re1 1/2-1/2

[Event "London Classic Open 2018"]
[Site "London ENG"]
[Date "2018.12.15"]
[Round "7.45"]
[White "Seymour, Timothy P"]
[Black "Venkataramanan, T.S."]
[Result "1-0"]
[BlackTitle "FM"]
[WhiteElo "2080"]
[BlackElo "2253"]
[WhiteFideId "412112"]
[BlackFideId "5001579"]
[EventDate "2018.12.09"]

1. Nf3 d5 2. e3 Nf6 3. c4 e6 4. b3 a5 5. Nc3 Be7 6. Bb2 O-O 7. d4 c5 8. cxd5
exd5 9. Be2 b6 10. O-O Bb7 11. Rc1 Nbd7 12. Bd3 Rc8 13. Bf5 Bd6 14. Nb5 Bb8 15.
dxc5 Rxc5 16. Nc3 Re8 17. Qd2 Ne5 18. Nxe5 Rxe5 19. Bh3 Rh5 20. Ba3 Rxc3 21.
Qxc3 Ne4 22. Qd4 Be5 23. Qd1 Rxh3 24. gxh3 Ng5 25. Qg4 h5 26. Qxh5 d4 27. f4 Qd5
28. Rc8+ Bxc8 29. Qxg5 Bb7 30. fxe5 dxe3 31. Rf3 e2 32. Re3 Qh1+ 33. Kf2 Qxh2+
34. Ke1 Qh1+ 35. Kxe2 Qh2+ 36. Ke1 Qxa2 37. Rd3 Qb1+ 38. Kd2 1-0

[Event "London Classic Open 2018"]
[Site "London ENG"]
[Date "2018.12.15"]
[Round "7.46"]
[White "Davison, Chris"]
[Black "Rocco, Federico"]
[Result "0-1"]
[WhiteElo "2068"]
[BlackElo "2244"]
[WhiteFideId "407801"]
[BlackFideId "431362"]
[EventDate "2018.12.09"]

1. Nf3 c5 2. c4 g6 3. g3 Bg7 4. Bg2 Nc6 5. Nc3 e6 6. e3 Nge7 7. O-O O-O 8. d4
cxd4 9. exd4 d5 10. cxd5 Nxd5 11. Nxd5 exd5 12. Be3 Qb6 13. Qd2 Bf5 14. Nh4 Be6
15. Rfd1 Rac8 16. Rac1 a5 17. Rc5 Rfd8 18. Rdc1 Qb4 19. Nf3 Qxd2 20. Bxd2 Nxd4
21. Rxc8 Bxc8 22. Nxd4 Bxd4 23. Bxa5 b6 24. Rd1 Bc5 25. Bc3 d4 26. b4 Bg4 27.
Rd3 Re8 28. Bd2 Bf5 29. bxc5 Bxd3 30. cxb6 Ba6 31. b7 d3 32. Bf3 Bxb7 33. Bxb7
Re2 34. Bc3 d2 35. Bxd2 Rxd2 36. a4 Ra2 37. Bc6 Kg7 38. Kg2 Kf6 39. Kf3 Ke5 40.
h4 f5 41. Ke3 Ra3+ 42. Ke2 Kd4 43. Be8 f4 44. gxf4 Ke4 45. h5 Ra2+ 46. Kf1 gxh5
47. Bxh5 Rxa4 48. Kg2 Kxf4 49. Bd1 Ra5 50. Bc2 Rg5+ 51. Kh3 Rc5 52. Bd1 Rc1 53.
Ba4 Kf3 54. Kh2 Kxf2 55. Be8 Rc8 56. Bd7 Rc7 57. Bb5 Rc5 58. Be8 Kf3 59. Kh3 Kf4
60. Bd7 Kg5 61. Ba4 Rc3+ 62. Kg2 h5 63. Bd7 h4 64. Kh2 Kf4 65. Be6 Rg3 66. Bd7
Ke3 67. Be6 Kf2 68. Bd5 h3 69. Be6 Re3 70. Bd7 Re7 71. Bf5 Re5 72. Bg4 Re8 73.
Bd7 Rh8 74. Bg4 Ke3 75. Be6 Kf4 76. Bd7 Rd8 77. Be6 Rd3 78. Bc8 Rc3 79. Be6 Rf3
80. Bc8 Kg5 81. Bxh3 Kh4 82. Bg2 Rf2 83. Kg1 Kg3 84. Bb7 Rb2 85. Be4 Re2 86. Bd3
Re1+ 87. Bf1 Rd1 0-1

[Event "London Classic Open 2018"]
[Site "London ENG"]
[Date "2018.12.15"]
[Round "7.50"]
[White "Keely, Leo A"]
[Black "Dougan Maho, Harold"]
[Result "1-0"]
[WhiteElo "1964"]
[BlackElo "2204"]
[WhiteFideId "410241"]
[BlackFideId "2257076"]
[EventDate "2018.12.09"]

1. e4 Nf6 2. e5 Nd5 3. Nc3 Nxc3 4. dxc3 d5 5. Nf3 Bg4 6. h3 Bh5 7. e6 fxe6 8. g4
Bf7 9. Ne5 Bg8 10. Bb5+ c6 11. Bd3 Nd7 12. Bf4 g5 13. Bg3 Bg7 14. Qe2 Qb6 15.
O-O-O O-O-O 16. Rhe1 Nc5 17. Qd2 Bf6 18. f3 Nxd3+ 19. Qxd3 h5 20. Qe2 hxg4 21.
hxg4 Rh3 22. Bf2 Qa5 23. Kb1 Rh2 24. Nd3 Qb5 25. Qe3 b6 26. Rh1 d4 27. Qe4 Rxh1
28. Rxh1 dxc3 29. b3 Qd5 30. Qa4 Qxf3 31. Qa6+ Kb8 32. Rc1 Bh7 33. Bxb6 axb6 34.
Qxb6+ Kc8 35. Nc5 Bxc2+ 36. Ka1 Rd7 37. Qa6+ Kc7 38. Qa7+ Kd6 39. Nxd7 Bg7 40.
Nb6 Qf4 41. Qb8+ Kc5 42. Qxf4 gxf4 43. Na4+ Kd4 44. Rxc2 Kd3 45. Kb1 Bd4 46. b4
e5 47. Nc5+ Ke3 48. Ne6 f3 49. g5 e4 50. g6 Bf6 51. g7 1-0

[Event "London Classic Open 2018"]
[Site "London ENG"]
[Date "2018.12.15"]
[Round "7.53"]
[White "Martinez, Ayelen"]
[Black "Gerlach, Felix Tobias"]
[Result "1-0"]
[WhiteTitle "WIM"]
[WhiteElo "2185"]
[BlackElo "2050"]
[WhiteFideId "118702"]
[BlackFideId "12957690"]
[EventDate "2018.12.09"]

1. e4 e5 2. Nf3 Nc6 3. Bb5 a6 4. Ba4 Nf6 5. O-O Be7 6. Re1 b5 7. Bb3 d6 8. c3
O-O 9. h3 Na5 10. Bc2 c5 11. d4 Qc7 12. Nbd2 cxd4 13. cxd4 Bd7 14. Nf1 Rac8 15.
Bd3 Rfe8 16. Ng3 Nc6 17. d5 Nb4 18. Bg5 Nxd3 19. Qxd3 h6 20. Bd2 Qb7 21. Qa3 Rc4
22. Rac1 Rec8 23. Rxc4 Rxc4 24. Bb4 Qc7 25. Nxe5 Rxb4 26. Nxd7 Ra4 27. Nxf6+
Bxf6 28. Qb3 Qc4 29. Qf3 Bxb2 30. Nf5 Qb4 31. Re2 Rxa2 32. g3 Ra1+ 33. Kh2 Be5
34. Rc2 Qe1 35. Ne7+ Kf8 36. Ng6+ Kg8 37. Rc8+ Kh7 38. Rh8+ 1-0

[Event "London Classic Open 2018"]
[Site "London ENG"]
[Date "2018.12.15"]
[Round "7.54"]
[White "Rogacewicz, Mikolaj"]
[Black "Brooks, Phil J"]
[Result "0-1"]
[WhiteElo "1925"]
[BlackElo "2184"]
[WhiteFideId "21842981"]
[BlackFideId "405540"]
[EventDate "2018.12.09"]

1. d4 e6 2. c4 d5 3. Nf3 Nf6 4. g3 dxc4 5. Bg2 Bb4+ 6. Bd2 a5 7. O-O Nc6 8. e3
Nd5 9. Nc3 Nb6 10. Qe2 O-O 11. Rad1 Qe7 12. e4 e5 13. d5 Nd4 14. Nxd4 exd4 15.
Nb5 d3 16. Qe3 Bc5 17. Qf4 Bd7 18. Nxc7 Bd6 19. e5 Bxe5 20. Qe3 Rac8 21. Bc3 f6
22. Qxb6 Bxc7 23. Qxb7 Qd6 24. Bd4 Ra8 25. Ba7 Rfb8 26. Bxb8 Rxb8 27. Qa7 Bb6
28. Qxb8+ Qxb8 29. Rd2 Qe5 30. Rc1 Qd4 31. Re1 Bf5 32. h3 a4 33. Re8+ Kf7 0-1

[Event "London Classic Open 2018"]
[Site "London ENG"]
[Date "2018.12.15"]
[Round "7.58"]
[White "Thatte, Nishchal"]
[Black "Quinn, John M"]
[Result "1-0"]
[WhiteElo "1649"]
[BlackElo "2160"]
[WhiteFideId "447234"]
[BlackFideId "405043"]
[EventDate "2018.12.09"]

1. e4 c5 2. c3 Nf6 3. e5 Nd5 4. Nf3 e6 5. d4 cxd4 6. cxd4 d6 7. Bc4 Nc6 8. O-O
Be7 9. Re1 O-O 10. a3 Bd7 11. Bd3 dxe5 12. dxe5 Rc8 13. Nbd2 Nf4 14. Bb1 Ng6 15.
b4 b5 16. Nb3 Qc7 17. Qd3 Rfd8 18. Qe4 Nb8 19. Bb2 Bc6 20. Qg4 Bxf3 21. Qxf3 Qc4
22. Be4 Bg5 23. Na5 Qc7 24. Bb7 Qc2 25. Bxc8 Qxb2 26. Qb7 Qc2 27. Qxb8 Rxc8 28.
Qxb5 Bd2 29. Red1 Nf4 30. Qd7 Nd5 31. Rxd2 1-0

[Event "London Classic Open 2018"]
[Site "London ENG"]
[Date "2018.12.15"]
[Round "7.59"]
[White "Wadsworth, Matthew J"]
[Black "Zhou, Yang-Fan"]
[Result "1/2-1/2"]
[WhiteTitle "FM"]
[BlackTitle "IM"]
[WhiteElo "2364"]
[BlackElo "2434"]
[WhiteFideId "415804"]
[BlackFideId "468584"]
[EventDate "2018.12.09"]

1. c4 g6 2. g3 Bg7 3. Bg2 d6 4. Nc3 Nf6 5. Nf3 O-O 6. O-O e5 7. d3 c6 8. Rb1 a5
9. a3 Re8 10. Bg5 Nbd7 11. b4 axb4 12. axb4 h6 13. Bxf6 Nxf6 14. Nd2 d5 15. b5
Bf8 16. Ra1 Be6 17. Qb3 d4 18. Nce4 Nd7 19. bxc6 bxc6 20. Qb7 f5 21. Qxc6 Rc8
22. Qa6 fxe4 23. Nxe4 Nc5 24. Nxc5 Bxc5 25. Rfb1 Rc7 26. Be4 Kg7 27. Qb5 Qe7 28.
Ra6 Bf5 29. Bd5 e4 30. dxe4 Bxe4 31. Re6 Qxe6 32. Bxe6 Rxe6 33. Rd1 Re5 34. Qb8
Rce7 35. Qd8 Bf5 36. Rxd4 Rxe2 37. Kg2 Be4+ 38. Kh3 Rxf2 39. Rxe4 Rxe4 40. Qd5
Ree2 41. Qxc5 h5 42. Qd4+ Kh7 43. Kh4 Rf5 44. h3 Rfe5 45. Qd8 R2e3 46. Qf8 Rf5
47. Qc8 Rff3 48. g4 Rxh3+ 49. Kg5 Re7 50. c5 Rf3 51. gxh5 gxh5 52. c6 Rg7+ 53.
Kh4 Rf4+ 54. Kh3 Rf3+ 55. Kh4 Rf4+ 56. Kh3 Rf3+ 1/2-1/2